Jalkapallon maailmanmestarit - Statistics

Yleistilastot
  • Tätä visaa on pelattu 3 137 kertaa
    2 503 viimeisimmän päivityksen jälkeen
  • Keskiarvotulos 14 / 22
Vastaustilastot
Vuosi Järjestäjä Voittaja % Oikein
2022 Qatar Argentiina
99%
2018 Venäjä Ranska
95%
2014 Brasilia Saksa
91%
2010 Etelä-Afrikka Espanja
84%
2002 Japani ja Etelä-Korea Brasilia
77%
2006 Saksa Italia
77%
1998 Ranska Ranska
73%
1994 Yhdysvallat Brasilia
68%
1986 Meksiko Argentiina
66%
1990 Italia Länsi-Saksa
64%
1970 Meksiko Brasilia
55%
1982 Espanja Italia
55%
1974 Länsi-Saksa Länsi-Saksa
55%
1978 Argentiina Argentiina
54%
1966 Englanti Englanti
53%
1930 Uruguay Uruguay
53%
1962 Chile Brasilia
52%
1958 Ruotsi Brasilia
52%
1954 Sveitsi Länsi-Saksa
44%
1934 Italia Italia
41%
1950 Brasilia Uruguay
40%
1938 Ranska Italia
39%
Ehtoja vastaavia visoja ei löytynyt
Tulosjakauma
Jokaisen tuloksen saaneiden osuus
Persentiili vastausten määrän mukaan
Tuloshistoriasi
Et ole pelannut tätä visaa sen viimeisimmän päivityksen jälkeen